UBT Library

Designing effective instruction for secondary social studies / (Record no. 44223)

000 -LEADER
fixed length control field 00721pam a2200229 a 4500
001 - CONTROL NUMBER
control field 4979955
005 - DATE AND TIME OF LATEST TRANSACTION
control field 20180306091507.0
008 - FIXED-LENGTH DATA ELEMENTS--GENERAL INFORMATION
fixed length control field 980423s1999 njuab b 001 0 eng
010 ## - LIBRARY OF CONGRESS CONTROL NUMBER
LC control number 98022982
020 ## - INTERNATIONAL STANDARD BOOK NUMBER
International Standard Book Number 0137917325
040 ## - CATALOGING SOURCE
Original cataloging agency DLC
Transcribing agency DLC
Modifying agency DLC
041 ## - LANGUAGE CODE
Language code of text/sound track or separate title eng
080 ## - UNIVERSAL DECIMAL CLASSIFICATION NUMBER
Universal Decimal Classification number 300.712 DYN
082 00 - DEWEY DECIMAL CLASSIFICATION NUMBER
Classification number 300.712 DYN
Edition number 21
100 1# - Rafti
Rafti 50
101 ## - Shkurtesa
Shkurtesa SOC
245 10 - TITLE STATEMENT
Title Designing effective instruction for secondary social studies /
Statement of responsibility, etc Thomas L. Dynneson, Richard E. Gross.
504 ## - BIBLIOGRAPHY, ETC. NOTE
Bibliography, etc Includes bibliographical references and index.
906 ## - LOCAL DATA ELEMENT F, LDF (RLIN)
a 7
b rip
c orignew
d 1
e ocip
f 19
g y-gencatlg
942 ## - ADDED ENTRY ELEMENTS (KOHA)
Source of classification or shelving scheme
Item type Books
Holdings
Withdrawn status Lost status Source of classification or shelving scheme Damaged status Not for loan Collection code Permanent location Current location Shelving location Date acquired Total Checkouts Full call number Barcode Date last seen Price effective from Koha item type
          Koleksioni i përgjithshem UBT - Lipjan UBT - Lipjan Koleksioni i përgjithshem 03/06/2018   300.712 DYN 002-3000979 03/06/2018 03/06/2018 Books
UBT Library © 2015-2024. All rights reserved University Education for Business and Technology